| 000 | 01252nam2a22002411 4500 | ||
|---|---|---|---|
| 001 | v19\rc\2086199 | ||
| 005 | 20250620034418.0 | ||
| 035 | _a(NLR Aleph) 005156389 | ||
| 090 |
_a4948335 _c4948335 |
||
| 100 | _a20081218d1913 |||y0rusy50 ca | ||
| 101 | 1 |
_arus _cswe |
|
| 102 | _aRU | ||
| 105 | _ay z |||a| | ||
| 200 | 1 |
_aМарианна _eРоман _fПер. В. Фирсова |
|
| 210 |
_d1913 _aБ. м. |
||
| 215 | _aVIII, 298 с. | ||
| 461 | 0 |
_1001v19\rc\2086198 _12001#$aСобрание сочинений$eС портр. автора и критико-биогр. очерком Б.П. Сильверсана, прив.-доц. С.-Петерб. ун-та. Т. 1$fЭрнст Альгрен$vТ. 1 _1700#1$aАльгрен$bЭ.$f1850-1888$gЭрист _94948326 _aАльгрен, Э. (1850-1888) _cСанкт-Петербург _d1913 _fЭрнст Альгрен _nПросвещение _oС портр. автора и критико-биогр. очерком Б.П. Сильверсана, прив.-доц. С.-Петерб. ун-та. Т. 1 _tСобрание сочинений _vТ. 1 |
|
| 702 | 1 |
_aФирсов _bВ. _4730 |
|
| 801 | 0 |
_aRU _bNLR _gpsbo |
|
| 801 | 1 |
_aRU _bProSoft-M _2rusmarc |
|
| 852 |
_aNLR _j37.36.4.83(1) |
||
| 942 | _cBOOK | ||
| 980 | _aNB | ||